[Event "Frankfurt Ch 2008"]
[Site "Ffm-Kalbach, LAZ"]
[Date "2008.05.19"]
[Round "3.30"]
[White "Hierling, Stefan"]
[Black "Arnold, Michael"]
[Result "1-0"]
[WhiteElo "2032"]
[BlackElo "1733"]
[PlyCount "74"]
[EventDate "2008.??.??"]

1. e4 d5 2. exd5 Qxd5 3. Nc3 Qd6 4. d4 Nf6 5. Be2 Nc6 6. Nb5 Qd8 7. Bf4 Nd5 8.
Bg3 a6 9. Nc3 Bf5 10. Nxd5 Qxd5 11. Bf3 Be4 12. c3 O-O-O 13. Qe2 Bxf3 14. Nxf3
e6 15. O-O Bd6 16. b3 Bxg3 17. fxg3 Rhe8 18. Rad1 Qh5 19. Qf2 e5 20. d5 Nb8 21.
c4 f5 22. Rde1 e4 23. Nd4 g6 24. Ne6 Rd7 25. Qb2 Qh6 26. Qf6 Qd2 27. Rd1 Qb4
28. Qb2 Qe7 29. Qf2 c6 30. Qe3 Rd6 31. Nf4 Nd7 32. c5 Rf6 33. b4 Qe5 34. dxc6
Rxc6 35. Rd2 Nf6 36. h3 g5 37. Ne2 Nd5 1-0

[Event "Frankfurt Ch 2008"]
[Site "Ffm-Kalbach, LAZ"]
[Date "2008.05.19"]
[Round "3.31"]
[White "Krüger, Till"]
[Black "Bauer, Timo"]
[Result "1-0"]
[WhiteElo "2069"]
[BlackElo "1730"]
[PlyCount "55"]
[EventDate "2008.??.??"]

1. e4 g6 2. d4 Bg7 3. Be3 d6 4. h3 Nf6 5. Nc3 c6 6. Nf3 b5 7. Bd3 Na6 8. O-O
Rb8 9. e5 Nd5 10. Nxd5 cxd5 11. c3 Bf5 12. Bxf5 gxf5 13. Bf4 dxe5 14. Nxe5 Rc8
15. Qd3 Qb6 16. Qxf5 Qe6 17. Qd3 Bxe5 18. Qxb5+ Kf8 19. Bxe5 Rg8 20. Qd3 Rg6
21. Rae1 Qb6 22. Re2 Qa5 23. f4 f6 24. f5 Rg7 25. Bf4 Ke8 26. Rfe1 Nb8 27. Re6
Qxa2 28. Qe2 1-0

[Event "Frankfurt Ch 2008"]
[Site "Ffm-Kalbach, LAZ"]
[Date "2008.05.19"]
[Round "3.32"]
[White "Förster, Rudi"]
[Black "Czikuß, Hans-Joachim"]
[Result "1/2-1/2"]
[WhiteElo "1914"]
[BlackElo "1951"]
[PlyCount "33"]
[EventDate "2008.??.??"]

1. e4 c5 2. c3 Nf6 3. e5 Nd5 4. d4 cxd4 5. cxd4 d6 6. Bc4 Nb6 7. Bd3 dxe5 8.
dxe5 Nc6 9. Nf3 g6 10. O-O Bg7 11. Bf4 O-O 12. Nc3 Bg4 13. Be4 Nc4 14. Qb3 N4a5
15. Qd5 Qxd5 16. Nxd5 Rfd8 17. Rac1 1/2-1/2

[Event "Frankfurt Ch 2008"]
[Site "Ffm-Kalbach, LAZ"]
[Date "2008.05.19"]
[Round "3.33"]
[White "Ochmann, Reimund"]
[Black "Kannenberg, Carl-Fr"]
[Result "1-0"]
[WhiteElo "2123"]
[BlackElo "1959"]
[PlyCount "39"]
[EventDate "2008.??.??"]

1. e4 e5 2. Nf3 Nc6 3. d4 exd4 4. Bc4 Be7 5. Nxd4 Nf6 6. Nc3 Nxd4 7. Qxd4 d6 8.
O-O O-O 9. Bg5 c6 10. Bb3 Ng4 11. Bf4 Ne5 12. Bxe5 dxe5 13. Qxe5 Bf6 14. Qg3
Qa5 15. f4 Bxc3 16. bxc3 Qc5+ 17. Kh1 b6 18. f5 Ba6 19. f6 g6 20. Rf5 1-0

[Event "Frankfurt Ch 2008"]
[Site "Ffm-Kalbach, LAZ"]
[Date "2008.05.19"]
[Round "3.34"]
[White "Petri, Igor"]
[Black "Fernandez-Egea, Andr"]
[Result "1-0"]
[WhiteElo "1724"]
[BlackElo "2051"]
[PlyCount "61"]
[EventDate "2008.??.??"]

1. e4 e5 2. Bc4 Nf6 3. Qe2 Be7 4. d3 d6 5. h3 Nc6 6. Nf3 Na5 7. Bg5 Nxc4 8.
dxc4 O-O 9. Nc3 Be6 10. O-O-O Qc8 11. g4 Re8 12. Rdg1 Qd8 13. Rg2 c6 14. Bxf6
Bxf6 15. g5 Be7 16. Rhg1 g6 17. h4 Bh3 18. Rg3 Be6 19. h5 gxh5 20. Nh4 Bg4 21.
Rxg4 hxg4 22. Qxg4 Kh8 23. Qh5 Rg8 24. f4 exf4 25. Rh1 Bxg5 26. Nf5 Rg7 27.
Nxg7 Kxg7 28. Qxh7+ Kf8 29. e5 dxe5 30. Qh8+ Ke7 31. Qxe5+ 1-0

[Event "Frankfurt Ch 2008"]
[Site "Ffm-Kalbach, LAZ"]
[Date "2008.05.19"]
[Round "3.35"]
[White "Schirmer, Karl-Heinz"]
[Black "Thomele, Michael"]
[Result "0-1"]
[WhiteElo "1716"]
[BlackElo "1877"]
[PlyCount "114"]
[EventDate "2008.??.??"]

1. d4 d5 2. c4 c6 3. Nc3 Nf6 4. Nf3 h6 5. g3 e6 6. Bg2 Nbd7 7. cxd5 exd5 8. O-O
Bd6 9. Nh4 Nb6 10. Qd3 Be6 11. Nf5 Bf8 12. Bf4 Qd7 13. Nh4 Nc4 14. Bc1 Nd6 15.
Nf3 Bf5 16. Qe3+ Be7 17. Ne5 Qc7 18. b3 O-O 19. Ba3 Rae8 20. Qc1 Qc8 21. Re1
Bh3 22. f3 Bxg2 23. Kxg2 Nf5 24. Bxe7 Rxe7 25. Qd2 Rfe8 26. Rac1 Nxd4 27. f4
Nf5 28. Qd3 Nd6 29. Rc2 Ng4 30. Nxd5 Rxe5 31. fxe5 Rxe5 32. e4 Qe6 33. Nc3 Rh5
34. Kg1 Ne5 35. Qe3 Rg5 36. Rf1 Ng4 37. Qf3 Nf6 38. Re2 Re5 39. Rfe1 h5 40. Kg2
Ng4 41. h3 Nf6 42. Qf4 Nc8 43. Rd1 Ne7 44. Rd8+ Kh7 45. Qf3 Ng6 46. Qd3 h4 47.
Qd6 Rg5 48. Re3 hxg3 49. Qxe6 Nh4+ 50. Kg1 fxe6 51. Ne2 g2 52. Rb8 Ra5 53. a4
b5 54. Rb7 bxa4 55. bxa4 Rxa4 56. Rg3 Ra1+ 57. Kh2 Rh1# 0-1

[Event "Frankfurt Ch 2008"]
[Site "Ffm-Kalbach, LAZ"]
[Date "2008.05.19"]
[Round "3.36"]
[White "Cors, Heinz-Friedrich"]
[Black "Haftmann, Rainer"]
[Result "1-0"]
[WhiteElo "2016"]
[BlackElo "1859"]
[PlyCount "73"]
[EventDate "2008.??.??"]

1. e4 e5 2. Bc4 Nf6 3. d3 d5 4. exd5 Nxd5 5. Nf3 Nc6 6. O-O Bg4 7. c3 Be7 8.
Nbd2 O-O 9. Ne4 h6 10. Re1 Kh8 11. Ng3 Nb6 12. Bb3 Qd7 13. h3 Bxf3 14. Qxf3 f5
15. a4 a5 16. Nf1 Rae8 17. Qh5 f4 18. Nh2 Rf5 19. Qf3 Bd6 20. Bd2 Ref8 21. d4
Qe7 22. Bc2 R5f7 23. Rad1 Qg5 24. Qe4 g6 25. Nf3 Qh5 26. dxe5 Re7 27. Bxf4 g5
28. Bg3 Qf7 29. e6 Qg7 30. Rxd6 cxd6 31. Bxd6 Rfe8 32. Nd4 Nc8 33. Bg3 Nxd4 34.
Be5 Nxc2 35. Bxg7+ Kxg7 36. Qxc2 Na7 37. f4 1-0

[Event "Frankfurt Ch 2008"]
[Site "Ffm-Kalbach, LAZ"]
[Date "2008.05.19"]
[Round "3.37"]
[White "Barisch, Florian"]
[Black "Gutacker, Stephan"]
[Result "1/2-1/2"]
[WhiteElo "1713"]
[BlackElo "1985"]
[PlyCount "80"]
[EventDate "2008.??.??"]

1. d4 Nf6 2. e3 e6 3. Bd3 b6 4. f4 Bb7 5. Nf3 c5 6. Nbd2 Nc6 7. c3 cxd4 8. exd4
Be7 9. O-O O-O 10. Qe2 Nd5 11. Ne5 f5 12. Bc4 Nxe5 13. Qxe5 Rf6 14. Nf3 Rg6 15.
Rf2 Rc8 16. Qe2 Bd6 17. Ne5 Bxe5 18. fxe5 Ba8 19. a3 Qc7 20. Bb3 Rf8 21. Bc2
Qd8 22. Bd2 Bb7 23. Raf1 a6 24. Rf3 b5 25. Rg3 Rxg3 26. hxg3 Qe8 27. g4 g6 28.
gxf5 exf5 29. Bh6 Rf7 30. Bb3 Kh8 31. Re1 Re7 32. Bg5 Re6 33. Qf3 Qa8 34. Bxd5
Bxd5 35. Qh3 Qf8 36. Kf2 h5 37. Bf6+ Kh7 38. Qe3 Qh6 39. Bg5 Qf8 40. Bf6 Qh6
1/2-1/2

[Event "Frankfurt Ch 2008"]
[Site "Ffm-Kalbach, LAZ"]
[Date "2008.05.19"]
[Round "3.38"]
[White "Cammarata, Mattia"]
[Black "Rasche, Hannes"]
[Result "0-1"]
[WhiteElo "1691"]
[BlackElo "2020"]
[PlyCount "92"]
[EventDate "2008.??.??"]

1. d4 Nf6 2. Nf3 g6 3. c4 Bg7 4. Nc3 O-O 5. e4 d6 6. Be3 e5 7. dxe5 dxe5 8.
Qxd8 Rxd8 9. Nxe5 Nxe4 10. Nxf7 Kxf7 11. Nxe4 Bxb2 12. Rb1 Bg7 13. c5 h6 14.
Bc4+ Kf8 15. O-O Re8 16. f3 Nc6 17. Bb5 Be6 18. Bxc6 bxc6 19. Rb7 Bxa2 20. Rxc7
Bd5 21. Rxg7 Kxg7 22. Bd4+ Kf8 23. Nd6 Re7 24. Kf2 a5 25. Ra1 a4 26. Ra3 Re6
27. h4 h5 28. g4 hxg4 29. fxg4 Ke7 30. Kg3 Re2 31. Kf4 Bb3 32. Ra1 Ke6 33. Kg5
Kd5 34. Bg1 Rg2 35. Nf7 a3 36. Be3 Ke4 37. Kxg6 Kxe3 38. g5 Rg8+ 39. Kh7 Bxf7
40. Rxa3+ Kd4 41. Ra7 Bb3 42. Ra3 Be6 43. Ra7 Kxc5 44. Re7 Bc4 45. Re4 Bd3 46.
Kxg8 Bxe4 0-1

[Event "Frankfurt Ch 2008"]
[Site "Ffm-Kalbach, LAZ"]
[Date "2008.05.19"]
[Round "3.39"]
[White "Tierling, Detlef"]
[Black "Liebske, Reiner"]
[Result "1-0"]
[WhiteElo "2006"]
[BlackElo "1702"]
[PlyCount "43"]
[EventDate "2008.??.??"]

1. e4 c5 2. Nf3 Nc6 3. d4 cxd4 4. Nxd4 d6 5. Nc3 a6 6. Be2 Nf6 7. Be3 e6 8. f4
Qc7 9. Bf3 e5 10. Nxc6 Qxc6 11. O-O Be7 12. Kh1 O-O 13. f5 b5 14. Qe2 b4 15.
Nd5 Nxd5 16. exd5 Qc7 17. Be4 Qd8 18. Qh5 h6 19. Rf3 Bg5 20. f6 g6 21. Bxg6
fxg6 22. Qxg6+ 1-0

[Event "Frankfurt Ch 2008"]
[Site "Ffm-Kalbach, LAZ"]
[Date "2008.05.19"]
[Round "3.40"]
[White "Moranda, Katarzyna"]
[Black "Geringer, Waldemar"]
[Result "0-1"]
[WhiteElo "1858"]
[BlackElo "1886"]
[PlyCount "30"]
[EventDate "2008.??.??"]

1. d4 Nf6 2. c4 g6 3. Nc3 Bg7 4. Nf3 O-O 5. Bf4 d6 6. e3 Re8 7. Bd3 Nbd7 8. Bc2
c5 9. Ba4 Qb6 10. Rb1 cxd4 11. exd4 Qb4 12. Qd3 e5 13. Bxd7 Bxd7 14. dxe5 dxe5
15. Nxe5 Bf5 0-1

[Event "Frankfurt Ch 2008"]
[Site "Ffm-Kalbach, LAZ"]
[Date "2008.05.19"]
[Round "3.41"]
[White "Thole, Markus"]
[Black "Rausch, Wolfgang"]
[Result "0-1"]
[WhiteElo "1749"]
[BlackElo "1673"]
[PlyCount "46"]
[EventDate "2008.??.??"]

1. e4 Nf6 2. Nc3 e5 3. f4 Bb4 4. fxe5 Bxc3 5. bxc3 Nxe4 6. Qf3 d5 7. Ba3 Qg5 8.
O-O-O Bg4 9. Nh3 Bxf3 10. Nxg5 Bxd1 11. Nxe4 Bg4 12. Ng3 Be6 13. Nh5 g6 14.
Nf6+ Kd8 15. Be2 Nd7 16. Nxd7 Kxd7 17. Rf1 Rac8 18. d4 h5 19. Bb5+ c6 20. Bd3
b6 21. Ba6 Rcg8 22. Kb1 b5 23. Bd6 Rb8 0-1

[Event "Frankfurt Ch 2008"]
[Site "Ffm-Kalbach, LAZ"]
[Date "2008.05.19"]
[Round "3.42"]
[White "Lietzau, Olaf"]
[Black "Hausmann, Hans-Ulrich"]
[Result "1/2-1/2"]
[WhiteElo "1652"]
[BlackElo "1950"]
[PlyCount "82"]
[EventDate "2008.??.??"]

1. Nf3 g6 2. g3 Bg7 3. Bg2 d6 4. d4 Nf6 5. O-O O-O 6. c4 Nbd7 7. b3 e5 8. Bb2
e4 9. Nfd2 e3 10. fxe3 Ng4 11. Rf3 Bh6 12. Nf1 Re8 13. e4 Rxe4 14. Nc3 Re3 15.
h3 Rxf3 16. Bxf3 Ne3 17. Qd3 Nxf1 18. Rxf1 Qg5 19. Kh2 Qe3 20. Bd5 Qxd3 21.
Bxf7+ Kg7 22. exd3 Nf6 23. Bd5 c6 24. Bg2 Bd7 25. d5 Ne8 26. Ne4+ Kg8 27. dxc6
bxc6 28. Ba3 Bf5 29. g4 Bxe4 30. Bxe4 Rc8 31. Bb2 Bg7 32. Bc1 Nf6 33. Bg2 d5
34. Be3 Re8 35. Bxa7 Ra8 36. Bd4 Nxg4+ 37. hxg4 Bxd4 38. a4 Rb8 39. Rb1 dxc4
40. dxc4 c5 41. Bc6 Bc3 1/2-1/2

[Event "Frankfurt Ch 2008"]
[Site "Ffm-Kalbach, LAZ"]
[Date "2008.05.19"]
[Round "3.43"]
[White "Fischer, Arthur"]
[Black "Gottlieb, Herbert"]
[Result "1-0"]
[WhiteElo "2013"]
[BlackElo "1658"]
[PlyCount "53"]
[EventDate "2008.??.??"]

1. e4 d5 2. exd5 Qxd5 3. Nc3 Qd8 4. d4 Nf6 5. Nf3 e6 6. Bc4 a6 7. O-O b5 8. Bb3
c5 9. a4 b4 10. Ne2 Nc6 11. Bg5 Na5 12. Ne5 Nxb3 13. cxb3 Bb7 14. dxc5 Bxc5 15.
Rc1 Qxd1 16. Rfxd1 Bxf2+ 17. Kxf2 Ne4+ 18. Kg1 Nxg5 19. Rc7 Bd5 20. h4 Bxb3 21.
Rd3 Bxa4 22. hxg5 Bb5 23. Re3 O-O 24. Nd4 Rab8 25. Rf3 f6 26. gxf6 gxf6 27.
Rg3+ 1-0

[Event "Frankfurt Ch 2008"]
[Site "Ffm-Kalbach, LAZ"]
[Date "2008.05.19"]
[Round "3.44"]
[White "Jung, Bernd"]
[Black "Fröhlich-Dill, Astrid"]
[Result "1-0"]
[WhiteElo "1899"]
[BlackElo "1997"]
[PlyCount "79"]
[EventDate "2008.??.??"]

1. e4 e6 2. d4 b6 3. Nf3 Bb7 4. Bd3 c5 5. Qe2 Nf6 6. d5 d6 7. dxe6 fxe6 8. e5
Nd5 9. Ng5 dxe5 10. Qh5+ Kd7 11. Nf7 Qe8 12. Nxe5+ Ke7 13. Ng6+ Kd8 14. Qh3 Rg8
15. Qxh7 Bd6 16. Bg5+ Kc8 17. Nd2 Nd7 18. Nc4 Bc7 19. O-O-O N5f6 20. Bxf6 Nxf6
21. Qh3 Bd5 22. Rhe1 Kb7 23. Ne3 Bc6 24. Nf5 c4 25. Bxc4 Qxg6 26. Bxe6 Rh8 27.
Qd3 Qg5+ 28. Kb1 Rad8 29. Qc3 Rxd1+ 30. Rxd1 Ne4 31. Qc4 Nd2+ 32. Rxd2 Qxd2 33.
a3 Rxh2 34. Ne7 Bxg2 35. Bc8+ Kb8 36. Ba6 Rh1+ 37. Ka2 Qd6 38. Qg4 Bd5+ 39.
Nxd5 Qxd5+ 40. c4 {ZÜ} 1-0

[Event "Frankfurt Ch 2008"]
[Site "Ffm-Kalbach, LAZ"]
[Date "2008.05.19"]
[Round "3.45"]
[White "Enders, Georg"]
[Black "Bittner, Peter"]
[Result "1/2-1/2"]
[WhiteElo "2042"]
[BlackElo "1966"]
[PlyCount "109"]
[EventDate "2008.??.??"]

1. e4 e5 2. Nf3 Nc6 3. Bb5 d6 4. c3 a6 5. Ba4 Nf6 6. O-O Bg4 7. d3 Be7 8. Bg5
O-O 9. Nbd2 b5 10. Bc2 Rc8 11. Re1 h6 12. Be3 Qd7 13. b4 Nd8 14. a4 c5 15. bxc5
dxc5 16. axb5 axb5 17. h3 Bxf3 18. Nxf3 Nc6 19. Qd2 Kh7 20. Ra6 Ra8 21. Rea1
Rxa6 22. Rxa6 Qb7 23. Ra2 Rd8 24. Qe1 Bd6 25. Qa1 Nh5 26. d4 cxd4 27. cxd4 Nb4
28. dxe5 Nxa2 29. exd6 Nb4 30. Bb1 Nc6 31. e5+ g6 32. Be4 Qd7 33. Qa2 Rc8 34.
Bd2 Ng7 35. Qb3 Nd8 36. Bd3 Rb8 37. Nd4 b4 38. Bc4 Nge6 39. Nxe6 Nxe6 40. Be3
Kg7 41. f4 Nd8 42. Qd3 Qf5 43. Qb3 Qe4 44. Bd5 Qf5 45. g4 Qd7 46. Qb2 Kh7 47.
Be4 Qa4 48. f5 Qd1+ 49. Kg2 gxf5 50. Bxf5+ Kg8 51. Bxh6 Ne6 52. Qc2 Qxc2+ 53.
Bxc2 b3 54. Bb1 b2 55. Be3 {...} 1/2-1/2

[Event "Frankfurt Ch 2008"]
[Site "Ffm-Kalbach, LAZ"]
[Date "2008.05.19"]
[Round "3.46"]
[White "Ganjian, Mehrdad"]
[Black "Bender, Manfred"]
[Result "1-0"]
[WhiteElo "1803"]
[BlackElo "1821"]
[PlyCount "87"]
[EventDate "2008.??.??"]

1. e4 e5 2. f4 d6 3. Nf3 Bg4 4. Bc4 exf4 5. O-O Qd7 6. d4 g5 7. c3 c6 8. Nbd2
h6 9. b4 Nf6 10. Qb3 Bg7 11. e5 Nh5 12. exd6 O-O 13. Ne5 Bxe5 14. dxe5 b5 15.
Bd3 a5 16. Qc2 Qe6 17. h3 Bxh3 18. gxh3 Qxh3 19. Nf3 Ng3 20. Qg2 Qxg2+ 21. Kxg2
Nxf1 22. Kxf1 axb4 23. cxb4 Re8 24. Bb2 Nd7 25. Bf5 Nf8 26. a3 Ne6 27. Nd4 Ng7
28. Rd1 Nxf5 29. Nxf5 Kh7 30. Rc1 Ra7 31. Rxc6 Rd7 32. Ne7 Rdxe7 33. dxe7 Rxe7
34. Rc5 Rb7 35. Rc6 Rd7 36. Ke2 Rb7 37. Kf3 h5 38. Ke4 h4 39. Kf5 h3 40. Rc3
Rb6 41. Rxh3+ Rh6 42. Rxh6+ Kxh6 43. Kg4 Kg6 44. a4 1-0

[Event "Frankfurt Ch 2008"]
[Site "Ffm-Kalbach, LAZ"]
[Date "2008.05.19"]
[Round "3.47"]
[White "Ebertz, Michael"]
[Black "Dubois De Luchet, Erich"]
[Result "0-1"]
[WhiteElo "1622"]
[BlackElo "1967"]
[PlyCount "108"]
[EventDate "2008.??.??"]

1. e4 c5 2. Nf3 d6 3. d4 cxd4 4. Nxd4 Nf6 5. Nc3 g6 6. f3 Bg7 7. Be3 O-O 8. Qd2
Nc6 9. O-O-O Nxd4 10. Bxd4 Be6 11. Kb1 Re8 12. Bb5 Bd7 13. Bxd7 Qxd7 14. g4
Rec8 15. g5 Nh5 16. Bxg7 Nxg7 17. f4 Rc6 18. f5 gxf5 19. exf5 Nxf5 20. h4 Rac8
21. h5 b5 22. Nd5 Rxc2 23. Qe1 Qe6 24. Qxe6 fxe6 25. Nc3 Rg2 26. Rhg1 Rxg1 27.
Rxg1 b4 28. Ne2 e5 29. a3 bxa3 30. bxa3 Rc4 31. g6 Rh4 32. gxh7+ Kxh7 33. Rc1
Ra4 34. Ka2 Kh6 35. Kb3 Ra6 36. Kb4 Rb6+ 37. Ka5 Rb7 38. Ka6 Rd7 39. a4 Kxh5
40. a5 Nd4 41. Nc3 Kg5 42. Nd5 e6 43. Nc7 Nb3 44. Rg1+ Kf6 45. Na8 e4 46. Nb6
Nc5+ 47. Kb5 axb6 48. axb6 Ke5 49. Ra1 e3 50. Kc6 Ke4 51. Rc1 Rh7 52. Kxd6 e2
53. Kxc5 Ke3 54. Kd6 Kd2 0-1

[Event "Frankfurt Ch 2008"]
[Site "Ffm-Kalbach, LAZ"]
[Date "2008.05.19"]
[Round "3.49"]
[White "Bauer, Alfred"]
[Black "Schreyer, Alois"]
[Result "0-1"]
[WhiteElo "1400"]
[BlackElo "2113"]
[PlyCount "118"]
[EventDate "2008.??.??"]

1. e4 e6 2. d4 d5 3. Nd2 dxe4 4. Nxe4 Nd7 5. Nf3 Ngf6 6. Bd3 Nxe4 7. Bxe4 Nf6
8. Bg5 Be7 9. Bxf6 Bxf6 10. c3 O-O 11. O-O Qd6 12. Qc2 h6 13. Rad1 c6 14. Rfe1
Qc7 15. Re2 b6 16. Red2 Bb7 17. c4 Rac8 18. b3 c5 19. d5 exd5 20. cxd5 Qd6 21.
Qc4 Rc7 22. Ne1 Rd8 23. Nc2 Re7 24. Ne3 Bc8 25. Bf5 Rxe3 26. Bxc8 Re7 27. Bg4
Bd4 28. Bf3 Rde8 29. Re2 Rxe2 30. Bxe2 Re4 31. Kh1 Rf4 32. g3 Rxf2 33. Rf1 Qf6
34. Qb5 Rxf1+ 35. Bxf1 Qe5 36. Bg2 g6 37. Qa6 Kg7 38. Qd3 h5 39. Be4 f5 40. Bf3
Kf6 41. Qe2 Qxe2 42. Bxe2 Ke5 43. Bf3 g5 44. h3 b5 45. Bg2 c4 46. bxc4 bxc4 47.
Bf3 c3 48. Bd1 Kxd5 49. Kg2 Ke4 50. g4 fxg4 51. hxg4 h4 52. Bc2+ Ke3 53. Bf5
Kd2 54. a4 a5 55. Kf3 c2 56. Bxc2 Kxc2 57. Ke4 Bb6 58. Kf5 Be3 59. Ke5 Kb3 0-1

[Event "Frankfurt Ch 2008"]
[Site "Ffm-Kalbach, LAZ"]
[Date "2008.05.19"]
[Round "3.50"]
[White "Kronenburg, Thorsten"]
[Black "Mussler, Thomas"]
[Result "1/2-1/2"]
[WhiteElo "1564"]
[BlackElo "2168"]
[PlyCount "91"]
[EventDate "2008.??.??"]

1. b4 e5 2. Bb2 d6 3. e3 Nf6 4. c4 g6 5. Nf3 Bg7 6. d4 exd4 7. Bxd4 Nc6 8. Bc3
O-O 9. b5 Ne7 10. Be2 c6 11. O-O d5 12. Nbd2 dxc4 13. Bxc4 cxb5 14. Bxb5 a6 15.
Bc4 b5 16. Be2 Ned5 17. Bd4 Bf5 18. Qb3 Qe7 19. Rac1 Rfc8 20. Ng5 h6 21. Bf3
hxg5 22. Bxf6 Nxf6 23. Bxa8 Rxa8 24. Nf3 Ne4 25. Qd5 Rd8 26. Qc6 Qd6 27. Qxd6
Rxd6 28. Rfd1 Rxd1+ 29. Rxd1 Be6 30. Rd8+ Kh7 31. Ra8 Bxa2 32. Rxa6 Bc4 33. Rb6
Bc3 34. Rc6 Bd5 35. Nxg5+ Nxg5 36. Rxc3 Bc4 37. f3 Kg7 38. Kf2 Ne6 39. g3 Kf6
40. e4 Ke5 41. Ke3 g5 42. h4 gxh4 43. f4+ Kf6 44. gxh4 Kg7 45. f5 Nd8 46. e5
1/2-1/2

[Event "Frankfurt Ch 2008"]
[Site "Ffm-Kalbach, LAZ"]
[Date "2008.05.19"]
[Round "3.51"]
[White "Popp, Matthias"]
[Black "Kuhn, Luis"]
[Result "1-0"]
[WhiteElo "1538"]
[BlackElo "1759"]
[PlyCount "105"]
[EventDate "2008.??.??"]

1. d4 d5 2. Nf3 Nf6 3. Bf4 Bf5 4. e3 e6 5. c3 Bd6 6. Ne5 Nbd7 7. Nd2 O-O 8. h3
Bxe5 9. dxe5 Ne4 10. g4 Nxd2 11. Qxd2 Be4 12. Rh2 c5 13. Bg2 Bxg2 14. Rxg2 Qc7
15. h4 c4 16. h5 Nc5 17. g5 Nd3+ 18. Ke2 Qb6 19. g6 fxg6 20. hxg6 Nxf4+ 21.
exf4 h6 22. Rb1 Rad8 23. Qe3 d4 24. Qe4 Rd7 25. Rg3 Rfd8 26. cxd4 Rxd4 27. Qe3
Rd2+ 28. Kf1 Qa6 29. Qa3 Qxa3 30. Rxa3 a6 31. Kg2 Kf8 32. Rc3 R2d4 33. Kg3 Rd3+
34. Kg4 Rxc3 35. bxc3 b5 36. a4 Rd5 37. axb5 Rxb5 38. Rd1 Rd5 39. Rb1 Rb5 40.
Rd1 Rb6 41. Rd8+ Ke7 42. Rg8 Rb3 43. Rxg7+ Kf8 44. Ra7 Rxc3 45. Rxa6 Rc2 46.
Rxe6 Rxf2 47. Rc6 h5+ 48. Kg5 h4 49. Rxc4 h3 50. Kf6 Ke8 51. g7 Kd7 52. g8=Q h2
53. Qc8# 1-0

[Event "Frankfurt Ch 2008"]
[Site "Ffm-Kalbach, LAZ"]
[Date "2008.05.19"]
[Round "3.52"]
[White "Nagel, Norbert"]
[Black "Honert, Stefan"]
[Result "1/2-1/2"]
[WhiteElo "1708"]
[BlackElo "1289"]
[PlyCount "44"]
[EventDate "2008.??.??"]

1. c4 e6 2. g3 c5 3. Bg2 d5 4. cxd5 exd5 5. Nf3 Nc6 6. O-O Nf6 7. d4 Be7 8. Nc3
Be6 9. b3 O-O 10. Bb2 b6 11. Rc1 cxd4 12. Nb5 Qd7 13. Nbxd4 Nxd4 14. Qxd4 Bh3
15. Qh4 Bxg2 16. Kxg2 Ng4 17. Qh3 f5 18. Ne5 Qe6 19. Rc6 Bd6 20. Nxg4 fxg4 21.
Qh5 Qe4+ 22. f3 Qxe2+ 1/2-1/2

[Event "Frankfurt Ch 2008"]
[Site "Ffm-Kalbach, LAZ"]
[Date "2008.05.19"]
[Round "3.53"]
[White "Schwabe, Michael"]
[Black "Plötz, Hans-Jürgen"]
[Result "1-0"]
[WhiteElo "1647"]
[BlackElo "1413"]
[PlyCount "59"]
[EventDate "2008.??.??"]

1. Nf3 Nf6 2. c4 d6 3. g3 e5 4. d3 c6 5. Bg2 Be7 6. O-O O-O 7. Nc3 Be6 8. b3
Nbd7 9. d4 e4 10. Ng5 Bf5 11. Ngxe4 Qc7 12. Nxf6+ Nxf6 13. e4 Bg4 14. Qd3 Rad8
15. Re1 Bh5 16. Bb2 Bg6 17. Qd2 Qa5 18. Qe3 Nd7 19. Ne2 f5 20. Bc3 f4 21. Nxf4
Qg5 22. Ne6 Qxe3 23. Rxe3 b5 24. Nxd8 Bxd8 25. cxb5 cxb5 26. Bb4 Rf6 27. Rc1
Bb6 28. e5 dxe5 29. Bd5+ Kh8 30. Rc8+ 1-0

[Event "Frankfurt Ch 2008"]
[Site "Ffm-Kalbach, LAZ"]
[Date "2008.05.19"]
[Round "3.54"]
[White "Bongardt, Torsten"]
[Black "Klyszcz, Michael"]
[Result "0-1"]
[WhiteElo "1417"]
[BlackElo "2038"]
[PlyCount "32"]
[EventDate "2008.??.??"]

1. d4 c5 2. d5 d6 3. Nf3 Nf6 4. Nc3 g6 5. e4 Bg7 6. Bd3 a6 7. a4 O-O 8. O-O
Nbd7 9. Re1 Qc7 10. Qe2 Ng4 11. Bd2 Nde5 12. h3 Nxf3+ 13. Qxf3 Ne5 14. Qe3 Rb8
15. f4 Nc4 16. Bxc4 Bd4 0-1

[Event "Frankfurt Ch 2008"]
[Site "Ffm-Kalbach, LAZ"]
[Date "2008.05.19"]
[Round "3.55"]
[White "Lopez-Fuertes, Victor"]
[Black "Lanz, Jürgen"]
[Result "1-0"]
[WhiteElo "1411"]
[BlackElo "1713"]
[PlyCount "53"]
[EventDate "2008.??.??"]

1. e4 c6 2. d4 d5 3. Nc3 dxe4 4. Nxe4 Bf5 5. Qf3 e6 6. Be3 Nf6 7. Bd3 Bxe4 8.
Bxe4 Nxe4 9. Qxe4 Qd5 10. Qg4 h5 11. Qg5 Qxg5 12. Bxg5 Be7 13. h4 Bxg5 14. hxg5
Na6 15. a3 O-O-O 16. O-O-O Rd5 17. f4 g6 18. g4 Rhd8 19. gxh5 gxh5 20. Nf3 Rh8
21. Rh4 c5 22. c3 cxd4 23. cxd4 f6 24. Rg1 Kd7 25. gxf6 Rf8 26. Rg7+ Kc8 27. f7
1-0

[Event "Frankfurt Ch 2008"]
[Site "Ffm-Kalbach, LAZ"]
[Date "2008.05.19"]
[Round "3.56"]
[White "Smith-Meyer, Geir"]
[Black "Grimm, Heinz-Peter"]
[Result "1-0"]
[WhiteElo "1610"]
[BlackElo "1402"]
[PlyCount "99"]
[EventDate "2008.??.??"]

1. d4 d5 2. Bf4 Nf6 3. c3 Bf5 4. Qb3 b6 5. Nf3 e6 6. e3 c6 7. Nbd2 Nbd7 8. Ne5
Nxe5 9. Bxe5 Be7 10. Be2 O-O 11. O-O Bd6 12. Nf3 Bxe5 13. Nxe5 Qd6 14. Rad1 Nd7
15. Nxd7 Qxd7 16. Bf3 Rac8 17. Rfe1 c5 18. e4 c4 19. Qc2 Bg6 20. Qd2 f6 21.
exd5 exd5 22. Re3 Rfe8 23. Rde1 Bf7 24. h3 Rxe3 25. Rxe3 Re8 26. Rxe8+ Qxe8 27.
Qe3 Qxe3 28. fxe3 g6 29. e4 dxe4 30. Bxe4 Kg7 31. Kf2 f5 32. Bc6 Kf6 33. Ke3 g5
34. g3 Be6 35. h4 h6 36. d5 Bc8 37. Kd4 Ba6 38. d6 Ke6 39. d7 Ke7 40. Ke5 f4
41. hxg5 hxg5 42. g4 f3 43. Bxf3 Kxd7 44. Kf6 Kd6 45. Kxg5 Bc8 46. Kf6 a5 47.
g5 b5 48. Bh5 b4 49. Bf7 Bd7 50. g6 1-0

[Event "Frankfurt Ch 2008"]
[Site "Ffm-Kalbach, LAZ"]
[Date "2008.05.19"]
[Round "3.59"]
[White "Stulken, Dietmar"]
[Black "Sallwey, Rainer"]
[Result "0-1"]
[WhiteElo "1352"]
[BlackElo "1568"]
[PlyCount "74"]
[EventDate "2008.??.??"]

1. e4 d5 2. exd5 Qxd5 3. Nc3 Qd6 4. d4 Nf6 5. Nf3 Bf5 6. Bd3 Bxd3 7. Qxd3 a6 8.
O-O e6 9. Re1 Be7 10. Ne4 Nxe4 11. Qxe4 c6 12. Bf4 Qd5 13. Qe5 Qxe5 14. Bxe5
O-O 15. c3 Nd7 16. Bf4 Nf6 17. Rad1 Rad8 18. Be5 Nd7 19. Bf4 Rfe8 20. b4 Nf6
21. Bg5 Nd5 22. Bxe7 Rxe7 23. Rc1 Rde8 24. a3 Nc7 25. a4 f6 26. Re2 Kf7 27.
Rce1 Nd5 28. Rc2 Nb6 29. a5 Nc4 30. Nd2 Nxd2 31. Rxd2 e5 32. dxe5 Rxe5 33. Rxe5
Rxe5 34. Kf1 Ke6 35. Rd8 c5 36. Re8+ Kd5 37. bxc5 Rxe8 0-1

[Event "Frankfurt Ch 2008"]
[Site "Ffm-Kalbach, LAZ"]
[Date "2008.05.19"]
[Round "3.60"]
[White "Breitbach, Stephan"]
[Black "Grunenberg, Sven"]
[Result "0-1"]
[WhiteElo "1330"]
[BlackElo "1542"]
[PlyCount "41"]
[EventDate "2008.??.??"]

1. c4 c6 2. e4 g6 3. Nf3 Bg7 4. d4 d6 5. Be2 Nf6 6. Nc3 O-O 7. O-O Ne8 8. Qb3
Qc7 9. c5 dxc5 10. dxc5 Be6 11. Bc4 Bxc4 12. Qxc4 Nd7 13. b4 Ne5 14. Nxe5 Bxe5
15. f4 Bg7 16. e5 e6 17. Ne4 b5 18. Qb3 a5 19. bxa5 Qxa5 20. Rd1 Nc7 21. Rd6
0-1

[Event "Frankfurt Ch 2008"]
[Site "Ffm-Kalbach, LAZ"]
[Date "2008.05.19"]
[Round "3.61"]
[White "Tramnitz, Christian"]
[Black "Ortiz-Rodriguez, José"]
[Result "1-0"]
[WhiteElo "1529"]
[BlackElo "1249"]
[PlyCount "69"]
[EventDate "2008.??.??"]

1. e4 d6 2. d4 Nf6 3. Nc3 c6 4. Bg5 Qa5 5. Bxf6 gxf6 6. a3 Nd7 7. Qd2 e5 8.
O-O-O b5 9. d5 Bb7 10. dxc6 Bxc6 11. Nd5 Qxd2+ 12. Kxd2 Bh6+ 13. Ke1 O-O 14.
Ne7+ Kh8 15. Nxc6 Nc5 16. f3 Na4 17. b3 Rac8 18. Bxb5 Nc3 19. Nxa7 Nxd1 20.
Nxc8 Ne3 21. Nxd6 Nxc2+ 22. Kf2 Bc1 23. Ne2 Bxa3 24. Rd1 Bc5+ 25. Kg3 Rg8+ 26.
Kh3 Ne3 27. Nxf7+ Kg7 28. Rd7 Kg6 29. f4 Kh5 30. Ng3+ Kg6 31. f5+ Kg7 32. Ng5+
Kh6 33. Ne6 Bb4 34. Rf7 Ng4 35. Be2 1-0